000 00521nam a2200181Ia 4500
005 20250326125405.0
008 250326s9999 xx 000 0 und d
037 _aTextbook
040 _aFMSL
_beng
_cFMSL
041 _aeng
_2eng
084 _aX:8D.1 M1
_qFMSL
100 _aLomax D F
_9738995
245 0 _aEuromarkets and international ficial policies
_cLomax D F; Gutmann P T G
260 _aLondon
_bLondon, Macmillan
_c1981
300 _a259p
942 _cTB
_hX:8D.1 M1
999 _c1277839
_d1277839